000 00399nam a2200169Ia 4500
008 170705s9999 xx 000 0 und d
020 _a9780590939881
245 4 _aThe kid who ran for president /
245 _cDan Gutman.
260 _aNew York :
260 _bScholastic,
260 _c1996
300 _a156 pages :
300 _bcolor illustration ;
300 _c19cm.
500 _a730
999 _c336372
_d336372